| 000 | 00537nam a22001817a 4500 | ||
|---|---|---|---|
| 999 |
_c526259 _d526259 |
||
| 003 | NUST | ||
| 020 |
_a978-969-534-169-8 _qHBK |
||
| 038 | _aFaiza | ||
| 082 |
_a891.4393 _bGHA |
||
| 100 |
_aGhazali, Ahmad _917224 |
||
| 245 |
_aCholistani Lok Kahanian / _cAhmad Ghazali |
||
| 260 |
_aLahore : _bBeacon Books, _c2009. |
||
| 300 | _a224 p. ; | ||
| 880 |
_6100-01\r _aاحمد غزالی |
||
| 880 |
_6245-02\r _aچولستان لوک کہانیاں / |
||
| 880 |
_6260-03\r _aلاہور : _bبیکن بُکس, _c۲۰۰۹. |
||
| 942 |
_2ddc _cBK |
||